| 000 | 005130000a22001570004500 | ||
|---|---|---|---|
| 090 |
_aAR _b04306 |
||
| 245 | 1 | 0 | _aMitochondrial DNA sequence variation and phylogeography of oceanic insects (Hemiptera: Gerridae: Halobates Spp.) |
| 041 | 0 | _aInglés | |
| 500 | _a<Literatura de escarabajos coprófagos> | ||
| 700 | 1 |
_aCheng, I. _998184 |
|
| 700 | 1 |
_aDamgaard, J. _998185 |
|
| 700 | 1 |
_aSperling, F. A. _998186 |
|
| 100 | 1 |
_aAndersen, N. M. _998187 |
|
| 942 | _cARTICULO | ||
| 773 | 1 |
_tMarine Biology _h136 _q421-430 _d2000 |
|
| 999 |
_c13403 _d13403 |
||